000 00565nas a2200205 a 4500
001 56204
003 127193
005 20201118103202.0
008 ||||||n9999 ||| || ||
041 _aspa
110 _aColombia. Contraloría General de la República
245 0 _aEstado de los Recursos Naturales y del Ambiente :
_bInforme
260 _aBogotá :
_bLa Contraloria,
_c1997.
300 _av
562 _e0
650 _aCOLOMBIA
_y1997
650 _aCONTRALORÍA GENERAL DE LA REPÚBLICA
650 _aINFORME DE ACTIVIDADES
942 _cDO-GO
999 _c56204
_d56204